000 00605nam a2200205Ia 4500
001 16846
003 GE_BSU
008 181216s||||||||xx |||||||||||||| ||und||
040 _cGE_BSU
080 _a821.353.1-1
100 _aგეგეჭკორი, გივი
245 _aლექსები. პოემები
245 _cრედ.ი.არაბული
260 _aთბილისი
260 _bსაბჭ. საქართველო
260 _c1983
300 _a318გვ. ; 20სმ
653 _aლექსები. პოემები
942 _cBK
999 _c49910
_d49910